000 00575nam a22001937a 4500
003 OSt
005 20150624114511.0
008
020 _a9780786460595 (softcover : alk. paper)
040 _aSEKU
050 0 0 _aPS 3575
_b.A83 Z75
100 1 _aNaparsteck, M. J.
245 1 0 _aRichard Yates up close :
_bthe writer and his works /
_cMartin Naparsteck.
260 _aJefferson, N.C. :
_bMcFarland & Co.,
_cc2012.
300 _a 193 p. ;
504 _aIncludes bibliographical references and index.
650 _aCriticism and interpretation
_y1926-1992
942 _2lcc
_cGEN
999 _c4172
_d4172